[Event "UAE President Cup U14 Girls"]
[Site "Ajman"]
[Date "2019.01.05"]
[Round "5"]
[White "Mouza, Nasser Alshamsi"]
[Black "Essa, Shahad"]
[Result "0-1"]
[WhiteElo "1294"]
[BlackElo "1075"]
[PlyCount "100"]
[EventDate "2019.01.02"]
[EventType "swiss"]
[EventRounds "9"]
[EventCountry "UAE"]
[SourceTitle "CBM 188 Extra"]
[Source "ChessBase"]
[SourceDate "2019.02.26"]
[SourceVersion "1"]
[SourceVersionDate "2019.02.26"]
[SourceQuality "1"]

1. e4 e5 2. Nf3 Nc6 3. Nc3 Nf6 4. Bc4 Nxe4 5. Nxe4 d5 6. Bd3 dxe4 7. Bxe4 Bd7 8. d4 f5 9. Bxc6 Bxc6 10. dxe5 Qe7 11. Bf4 Bxf3 12. Qxf3 g5 13. Be3 Qxe5 14. 0-0-0 Bg7 15. Bd4 g4 16. Qxb7 Qf4+ 17. Kb1 0-0 18. Bxg7 Kxg7 19. Rd7+ Kg8 20. Rxc7 Qh6 21. Re1 Rae8 22. Rxe8 Rxe8 23. a3 Re1+ 24. Ka2 Qe6+ 25. b3 Qg6 26. Qc6 Qxc6 27. Rxc6 Re2 28. Kb2 Rxf2 29. Rc5 Kg7 30. Rc7+ Kg6 31. Rxa7 Rxg2 32. Rd7 f4 33. Rd1 Rxh2 34. Rf1 f3 35. Kc1 f2 36. Kd1 g3 37. Ke2 g2 38. Kxf2 gxf1Q+ 39. Kxf1 Rxc2 40. b4 Ra2 41. b5 Rxa3 42. b6 Rb3 43. b7 Rxb7 44. Ke2 Rb3 45. Kd2 Kf5 46. Kc2 Rh3 47. Kd2 Ke4 48. Ke1 Rh2 49. Kf1 Ke3 50. Ke1 Rh1# 0-1